LEADER 00951nam1 22002653i 450 001 TO00020491 005 20231121125832.0 100 $a20160401g1974 ||||0itac50 ba 101 | $agrc$alat$cgrc 102 $ade 181 1$6z01$ai $bxxxe 182 1$6z01$an 200 1 $aSeptuaginta$eVetus Testamentum Graecum$fauctoritate Academiae scientiarum Gottingensis editum 210 $aGöttingen$cVandenhoeck und Ruprecht$d1974- 215 $av.$d23 cm 462 1$1001TO01354626$12001 $aVerzeichnis der griechischen Handschriften des Alten Testaments$fvon Alfred Rahlfs.$v1$1702 1$aRahlfs$b, Alfred$3MILV061120 500 11$aBibbia. Antico Testamento $3SBN0074100$955281 801 3$aIT$bIT-01$c20160401 850 $aIT-FR0017 899 $aBiblioteca umanistica Giorgio Aprea$bFR0017 912 $aTO00020491 967 $m1 977 $a 52 996 $aBibbia. Antico Testamento$955281 997 $aUNICAS